Skip to content
VuFind
Login
All Fields
Title
Author
Subject
Call Number
ISBN/ISSN
Tag
Find
Advanced
සිතයි නුඹයි මමයි :...
Cite this
Text this
Email this
Print
Export Record
Export to RefWorks
Export to EndNoteWeb
Export to EndNote
Export to MARC
Export to BibTeX
Export to RIS
Save to List
Permanent link
සිතයි නුඹයි මමයි : ගීත /
Sithai nubai mamai
Saved in:
Bibliographic Details
Format:
Book
Published:
බද්දේගම :
කර්තෘ,
2025.
Tags:
Add Tag
No Tags, Be the first to tag this record!
Holdings
Description
Comments
Similar Items
Staff View
MARC
LEADER
00000nam a2200000 4500
003
LK-CoNLD
005
20251206104848.0
008
251206b |||||||| |||| 00| 0 ||| d
015
|2
slnb
017
|b
LK-CoDNA
020
|a
9789555355230
040
|a
LK-CoNLD
|b
SIN
|c
LK-CoNLD
|d
LK-CoNLD
082
|2
23
|q
LK-CoNLD
245
|6
880-1
|a
සිතයි නුඹයි මමයි :
|b
ගීත /
|c
සම්පත් ගමගේ.
260
|a
බද්දේගම :
|b
කර්තෘ,
|c
2025.
300
|a
පි. 51 ;
880
|6
245-1
|a
Sithai nubai mamai
942
|c
BOOK
945
|a
21055
|b
M. G. D. NAWODA
|c
21055
|d
M. G. D. NAWODA
999
|c
294874
|d
294874
Similar Items
වැස්සයි නුඹයි මමයි ළඟයි
by: ගුරුගේ, සුභාෂ් නලින්ද
Published: (2007)
වැස්සයි නුඹයි මමයි ළගයි/
by: ගුරුගේ,සුභාෂ් නලින්ද. එම්
Published: (2007)
වැස්සයි නුඹයි මමයි ළඟයි/
by: ගුරුගේ, සුභාෂ් නල්නිද එම්
Published: (2007)
ජීවිතයයි සිතයි
by: මාදම්පගේ, ධම්මික
Published: (2015)
ජීවිතයයි සිතයි/
by: මාදම්පගේ, ධම්මික
Published: (2015)